| 000 | 01317cam a22002295a 4500 | ||
|---|---|---|---|
| 001 | L145835 | ||
| 008 | 081112s2008 xxk f 000 0 eng d | ||
| 035 | _a(Sirsi) u145835 | ||
| 041 | 0 | _aeng | |
| 050 | 0 | 4 | _a333.332 $2 18 |
| 111 | 2 |
_aRICS International Valuation Conference _d(2006 _c London) |
|
| 245 | 0 | 0 |
_aReflecting a changing market _bRICS International Valuation Conference 2006, London, 15 November 2006 |
| 260 |
_aLondon _bRICS _c2006 |
||
| 300 |
_aca. 100 p. _bill. _c30cm. |
||
| 505 | 2 | _aChairman's welcome and introduction -- RICS Valuation Faculty review 2006 -- Property investments markets -- Panel session: REITs and property investment markets -- Valuation accuracy in Europe -- Understanding obsolescence and depreciation in commercial buildings -- Ethics, regulation and valuation fraud | |
| 520 | _aConference papers of the RICS International Valuation Conference 2006. Discusses the impact of real estate depreciation on appraisal models. Presents the future of regulation on valuation practice. Most items are presented by the Powerpoint slides shown during the conference and therefore summed up as lists. | ||
| 521 | _aAdvanced | ||
| 650 | 2 | 4 | _aRICS INTERNATIONAL VALUATION CONFERENCE |
| 651 | 4 | _aInternational | |
| 690 | _aPROPERTY-PROPERTY APPRAISAL AND VALUATION | ||
| 942 | _n0 | ||
| 999 |
_c108937 _d108937 |
||